Catalog

Record Details

Catalog Search



Jesus im Lichte der Religionsgeschichte des Judentums  Cover Image Book Book

Jesus im Lichte der Religionsgeschichte des Judentums / Kurt Schubert

Record details

  • ISBN: 3-7008-0097-5
  • Physical Description: 200 s.
  • Edition: 1. Aufl.
  • Publisher: Wien ; München : Verlag Herold, 1973.
Subject: judaismus
christologie

Available copies

  • 1 of 1 copy available at Common Catalog SPOK.

Holds

  • 0 current holds with 1 total copy.
Show Only Available Copies
Location Call Number / Copy Notes Barcode Shelving Location Status Due Date
ETS Library 232 424470015077 Volný výběr Available -

LDR 00777nam a22002657a 4500
00139888
003CZ-PrJAB
00520161130153029.0
007ta
008960209s1973 au e 000 0 ger d
020 . ‡a3-7008-0097-5
035 . ‡a(CONS)12421
035 . ‡a(CZ PrSKC)000971611
040 . ‡aGBV ‡bcze ‡dABD064 ‡91
082 . ‡a232
1001 . ‡aSchubert, Kurt, ‡d1923-2007 ‡7jn20000604976
24510. ‡aJesus im Lichte der Religionsgeschichte des Judentums / ‡cKurt Schubert
250 . ‡a1. Aufl.
260 . ‡aWien ; München : ‡bVerlag Herold, ‡c1973.
300 . ‡a200 s.
65007. ‡ajudaismus ‡7ph114838 ‡2czenas
65007. ‡achristologie ‡7ph115015 ‡2czenas
8524 . ‡bETS ‡bETS ‡cVolný výběr ‡j232 ‡p424470015077 ‡y$50.00
910 . ‡aABG450
999 . ‡a12421 ‡c12421 ‡tbiblio
905 . ‡uadmin
901 . ‡a39888 ‡b ‡c39888 ‡tbiblio ‡sets

Additional Resources